000 00803nam a2200253Ia 4500
003 OSt
005 20220923221733.0
006 a|||||r|||| 00| 0
007 ta
008 220922b |||||||| |||| 00| 0 hin d
024 _a199,665
037 _cTextual
040 _aARTS
_cARTS
_bhin
041 _2hin
_ahin
082 _aQ2:4:g, 152K5
100 _aठाकुर, लक्ष्मीदत्त
245 0 _aप्रमुख स्मृति का अध्ययन
246 _aPramukh smṛuti kā adhyayana
260 _aलखनऊ
_b हिन्दी समिति
_c1965
300 _a283पृ.
_ccm.
650 _aधर्म
942 _hQ2:4:g, 152K5
_cTEXL
_2CC
999 _c351404
_d351404